|
|
|
|
| LEADER |
00000nam0a2200000 4500 |
| 001 |
255101 |
| 005 |
20231101233008.0 |
| 020 |
|
|
|a RU
|b 89-49426
|
| 035 |
|
|
|a (RuTPU)RU\TPU\book\277604
|
| 090 |
|
|
|a 255101
|
| 100 |
|
|
|a 20140326d1989 k y0rusy5003 ca
|
| 101 |
0 |
|
|a rus
|
| 102 |
|
|
|a UA
|
| 105 |
|
|
|a y j 001zy
|
| 200 |
1 |
|
|a Многокритериальные задачи теории графов. Алгоритмический подход
|e учебное пособие для вузов
|f В. А. Перепелица
|g Академия наук СССР (АН СССР), Уральское отделение
|
| 210 |
|
|
|a Киев
|c Изд-во УМКВО
|d 1989
|
| 215 |
|
|
|a 66 с.
|
| 320 |
|
|
|a Библиогр.: с. 62-65 (62 назв.).
|
| 606 |
1 |
|
|a Графов теория
|2 stltpush
|3 (RuTPU)RU\TPU\subj\8592
|9 35973
|
| 610 |
1 |
|
|a учебные пособия
|
| 610 |
1 |
|
|a задачи
|
| 610 |
1 |
|
|a алгоритмические средства
|
| 610 |
1 |
|
|a множества
|
| 610 |
1 |
|
|a мощность
|
| 610 |
1 |
|
|a многокритериальные модели
|
| 675 |
|
|
|a 519.17(075.8)
|z rus
|
| 700 |
|
1 |
|a Перепелица
|b В. А.
|g Виталий Афанасьевич
|4 070
|
| 712 |
0 |
2 |
|a Академия наук СССР (АН СССР)
|b Уральское отделение
|2 stltpush
|3 (RuTPU)RU\TPU\col\11479
|
| 801 |
|
0 |
|a RU
|b RuMRKP
|c 19950417
|g psbo
|
| 801 |
|
1 |
|a RU
|b 63413507
|c 20140326
|
| 801 |
|
2 |
|a RU
|b 63413507
|c 20140701
|g RCR
|
| 942 |
|
|
|c BK
|